<?xml version="1.0" encoding="UTF-8"?><?xml-stylesheet type="text/xsl" href="static/style.xsl"?><OAI-PMH xmlns="http://www.openarchives.org/OAI/2.0/" xmlns:xsi="http://www.w3.org/2001/XMLSchema-instance" xsi:schemaLocation="http://www.openarchives.org/OAI/2.0/ http://www.openarchives.org/OAI/2.0/OAI-PMH.xsd"><responseDate>2026-04-14T02:25:59Z</responseDate><request verb="GetRecord" identifier="oai:www.recercat.cat:20.500.12694/7135" metadataPrefix="marc">https://recercat.cat/oai/request</request><GetRecord><record><header><identifier>oai:recercat.cat:20.500.12694/7135</identifier><datestamp>2025-12-18T12:09:14Z</datestamp><setSpec>com_2072_179042</setSpec><setSpec>col_2072_484474</setSpec></header><metadata><record xmlns="http://www.loc.gov/MARC21/slim" xmlns:dcterms="http://purl.org/dc/terms/" xmlns:xsi="http://www.w3.org/2001/XMLSchema-instance" xmlns:doc="http://www.lyncode.com/xoai" xsi:schemaLocation="http://www.loc.gov/MARC21/slim http://www.loc.gov/standards/marcxml/schema/MARC21slim.xsd">
   <leader>00925njm 22002777a 4500</leader>
   <datafield ind2=" " ind1=" " tag="042">
      <subfield code="a">dc</subfield>
   </datafield>
   <datafield ind2=" " ind1=" " tag="720">
      <subfield code="a">Acebes Tosti, Andrés</subfield>
      <subfield code="e">author</subfield>
   </datafield>
   <datafield ind2=" " ind1=" " tag="260">
      <subfield code="c">2015-07-16</subfield>
   </datafield>
   <datafield ind2=" " ind1=" " tag="520">
      <subfield code="a">Amb aquest treball vull documentar el procés que he seguit per a l'elaboració del meu projecte final de carrera, des de les influències que més m'han marcat, el procés compositiu, i finalment la posada a punt per a la seva execució. Ha estat un llarg viatge en el qual he intentat explorar els senders que uneixen el jazz i l'electrònica en la recerca d'una veu pròpia dins del panorama musical.</subfield>
   </datafield>
   <datafield ind2=" " ind1=" " tag="520">
      <subfield code="a">Con este trabajo quiero documentar el proceso que he seguido para la elaboración de mi proyecto final de carrera, desde las influencias que más me han marcado, el proceso compositivo, y finalmente, la puesta a punto para su ejecución. Ha sido un largo viaje en el que he intentado explorar los senderos que unen el jazz y la electrónica en la búsqueda de una voz propia dentro del panorama musical.</subfield>
   </datafield>
   <datafield ind2=" " ind1=" " tag="520">
      <subfield code="a">With this work, I want to document the process I followed for the preparation of my final project, including the influences that have shaped me, the compositional process, and finally, tuning for execution. It has been a long journey in which I have sought to explore the paths linking jazz and electronics in my quest to find my own voice in the music scene.</subfield>
   </datafield>
   <datafield ind1="8" ind2=" " tag="024">
      <subfield code="a">http://hdl.handle.net/20.500.12694/7135</subfield>
   </datafield>
   <datafield tag="653" ind2=" " ind1=" ">
      <subfield code="a">TFG Jazz i música moderna</subfield>
   </datafield>
   <datafield tag="653" ind2=" " ind1=" ">
      <subfield code="a">Trompeta, Música per a</subfield>
   </datafield>
   <datafield tag="653" ind2=" " ind1=" ">
      <subfield code="a">Jazz</subfield>
   </datafield>
   <datafield tag="653" ind2=" " ind1=" ">
      <subfield code="a">Música electrònica</subfield>
   </datafield>
   <datafield ind2="0" ind1="0" tag="245">
      <subfield code="a">Groovie Trumpet: nuevos horizontes entre el jazz y la electrónica</subfield>
   </datafield>
</record></metadata></record></GetRecord></OAI-PMH>